Special report on offsite construction (Record no. 73607)

MARC details
000 -LEADER
fixed length control field 01064cam a2200229 4500
001 - CONTROL NUMBER
control field ABS67121
008 - FIXED-LENGTH DATA ELEMENTS--GENERAL INFORMATION
fixed length control field 031017n2003 000 0 eng u
035 ## - SYSTEM CONTROL NUMBER
System control number (Sirsi) u123948
100 ## - MAIN ENTRY--PERSONAL NAME
Personal name Mann, W.
245 ## - TITLE STATEMENT
Title Special report on offsite construction
260 ## - PUBLICATION, DISTRIBUTION, ETC.
Date of publication, distribution, etc. 2003
490 ## - SERIES STATEMENT
Series statement Contract Journal
Volume/sequential designation 420(6443) 10 September 2003, 14-20(7)
520 ## - SUMMARY, ETC.
Summary, etc. A series of four articles examining the recent use of offsite construction. "The modular messiah" discusses the reluctance of the building industry to see the benefits of such construction. "A concrete choice" looks at how concrete can compete with other systems in this expanding market. "Matching quality" advocates the development of quality assurance systems and "Timber time" explains why the offsite timber frame sector is increasing.
590 ## - LOCAL NOTE (RLIN)
Local note ABS
650 ## - SUBJECT ADDED ENTRY--TOPICAL TERM
Topical term or geographic name entry element OFFSITE FABRICATION
650 ## - SUBJECT ADDED ENTRY--TOPICAL TERM
Topical term or geographic name entry element TIMBER FRAME CONSTRUCTION
650 ## - SUBJECT ADDED ENTRY--TOPICAL TERM
Topical term or geographic name entry element CONCRETE FRAME CONSTRUCTION
690 ## - LOCAL SUBJECT ADDED ENTRY--TOPICAL TERM (OCLC, RLIN)
Topical term or geographic name as entry element BUILT ENVIRONMENT-CONSTRUCTION DESIGN
700 ## - ADDED ENTRY--PERSONAL NAME
Personal name Richards, D.
700 ## - ADDED ENTRY--PERSONAL NAME
Personal name McDonald, A.
942 ## - ADDED ENTRY ELEMENTS (KOHA)
Suppress in OPAC 0
Holdings
Withdrawn status Lost status Source of classification or shelving scheme Damaged status Not for loan Home library Current library Shelving location Date acquired Total Checkouts Full call number Barcode Date last seen Copy number Price effective from Koha item type
    Dewey Decimal Classification     London London Journal article 17/10/2003   ABS67121 123948-1001 06/08/2019 1 06/08/2019 Journal article